<?xml version="1.0" encoding="UTF-8"?>
<record
    xmlns:xsi="http://www.w3.org/2001/XMLSchema-instance"
    xsi:schemaLocation="http://www.loc.gov/MARC21/slim http://www.loc.gov/standards/marcxml/schema/MARC21slim.xsd"
    xmlns="http://www.loc.gov/MARC21/slim">

  <leader>02251nam a2200325 i 4500</leader>
  <controlfield tag="001">768714001</controlfield>
  <controlfield tag="003">CO-MdFUSB</controlfield>
  <controlfield tag="005">20220328104436.0</controlfield>
  <controlfield tag="007">ta</controlfield>
  <controlfield tag="008">220121t2011    ck  |||| |||| 00| 0 spa d</controlfield>
  <datafield tag="020" ind1=" " ind2=" ">
    <subfield code="a">9789583035470</subfield>
  </datafield>
  <datafield tag="040" ind1=" " ind2=" ">
    <subfield code="a">CO-MdFUSB</subfield>
    <subfield code="b">spa</subfield>
    <subfield code="c">CO-MdFUSB</subfield>
    <subfield code="d">CO-MdFUSBC</subfield>
    <subfield code="e">rda</subfield>
  </datafield>
  <datafield tag="041" ind1=" " ind2=" ">
    <subfield code="a">por</subfield>
  </datafield>
  <datafield tag="082" ind1=" " ind2=" ">
    <subfield code="2">23</subfield>
    <subfield code="a">158.1</subfield>
    <subfield code="b">C639</subfield>
  </datafield>
  <datafield tag="100" ind1=" " ind2=" ">
    <subfield code="a">Climent, Carlos E.</subfield>
    <subfield code="e">autor</subfield>
  </datafield>
  <datafield tag="245" ind1="1" ind2="4">
    <subfield code="a">Los tiranos del alma :</subfield>
    <subfield code="b">identif&#xED;quelos y lib&#xE9;rese de ellos </subfield>
    <subfield code="c">/ Carlos E. Climent</subfield>
  </datafield>
  <datafield tag="264" ind1=" " ind2="1">
    <subfield code="a">Colombia :</subfield>
    <subfield code="b">Panamericana,</subfield>
    <subfield code="c">[2011]</subfield>
  </datafield>
  <datafield tag="264" ind1=" " ind2="4">
    <subfield code="c">&#xA9; 2011</subfield>
  </datafield>
  <datafield tag="300" ind1=" " ind2=" ">
    <subfield code="a">229 p&#xE1;ginas</subfield>
    <subfield code="c">; 23 cm</subfield>
  </datafield>
  <datafield tag="336" ind1=" " ind2=" ">
    <subfield code="2">rdacontent</subfield>
    <subfield code="a">texto</subfield>
    <subfield code="b">txt</subfield>
  </datafield>
  <datafield tag="337" ind1=" " ind2=" ">
    <subfield code="2">rdamedia</subfield>
    <subfield code="a">sin mediaci&#xF3;n</subfield>
    <subfield code="b">n</subfield>
  </datafield>
  <datafield tag="338" ind1=" " ind2=" ">
    <subfield code="2">rdacarrier</subfield>
    <subfield code="a">volumen</subfield>
    <subfield code="b">nc</subfield>
  </datafield>
  <datafield tag="490" ind1=" " ind2=" ">
    <subfield code="a">Agenda de hoy</subfield>
  </datafield>
  <datafield tag="505" ind1=" " ind2=" ">
    <subfield code="t">Los mitos comunes. -- Temores inconfesables. -- La comodidad y sus personajes. -- Los trastornos de ansiedad. -- Los trastornos del &#xE1;nimo. -- Los trastornos de personalidad. -- La hipocres&#xED;a en la vida cotidiana. -- La ilusi&#xF3;n de los falsos para&#xED;sos. -- La liberaci&#xF3;n.</subfield>
  </datafield>
  <datafield tag="520" ind1=" " ind2=" ">
    <subfield code="a">Los tiranos del alma est&#xE1;n ah&#xED;. Son una variedad de condiciones patol&#xF3;gicas y de situaciones cotidianas que se instalan silenciosamente en la vida de las personas. Ocultos tras la m&#xE1;scara de la &#xAB;normalidad&#xBB;, corro en todo lo que tocan: los amigos, la familia, el trabajo, el amor. Es preciso identificarlos para liberarse de ellos, pues escondidos no reciben tratamiento y someten a sus v&#xED;ctimas. De esta cofrad&#xED;a hacen parte el cansancio cr&#xF3;nico, la irritabilidad, el pesimismo y la depresi&#xF3;n. Las desconcertantes oscilaciones an&#xED;micas del trastorno bipolar, la par&#xE1;lisis causada por los miedos inconfesables, las fobias o las ideas obsesivas, y la incapacidad para liberarse de la tiran&#xED;a de seres queridos ego&#xED;stas, narcisistas, impulsivos, pasivos, agresivos, dependientes, antisociales o hip&#xF3;critas.
Este libro presenta casos basados en la pr&#xE1;ctica cl&#xED;nica del autor. El prop&#xF3;sito no es ofrecer respuestas f&#xE1;ciles a problemas complejos. La intenci&#xF3;n es brindar al lector una visi&#xF3;n optimista que le permita dar un paso fundamental en el camino hacia su liberaci&#xF3;n.
</subfield>
  </datafield>
  <datafield tag="563" ind1=" " ind2=" ">
    <subfield code="a">R&#xFA;stico</subfield>
  </datafield>
  <datafield tag="650" ind1=" " ind2="7">
    <subfield code="9">72</subfield>
    <subfield code="a">Psicolog&#xED;a social</subfield>
  </datafield>
  <datafield tag="942" ind1=" " ind2=" ">
    <subfield code="c">BK</subfield>
  </datafield>
  <datafield tag="945" ind1=" " ind2=" ">
    <subfield code="a">JTF-925</subfield>
  </datafield>
  <datafield tag="952" ind1=" " ind2=" ">
    <subfield code="0">0</subfield>
    <subfield code="1">0</subfield>
    <subfield code="2">ddc</subfield>
    <subfield code="4">0</subfield>
    <subfield code="7">0</subfield>
    <subfield code="8">GEN</subfield>
    <subfield code="a">FUSBC</subfield>
    <subfield code="b">FUSBC</subfield>
    <subfield code="d">2022-01-21</subfield>
    <subfield code="l">3</subfield>
    <subfield code="m">2</subfield>
    <subfield code="o">G 158.1 C639t</subfield>
    <subfield code="p">19907</subfield>
    <subfield code="r">2023-05-12 00:00:00</subfield>
    <subfield code="s">2023-04-29</subfield>
    <subfield code="t">Ej. 1</subfield>
    <subfield code="w">2022-01-21</subfield>
    <subfield code="y">BK</subfield>
    <subfield code="k">32</subfield>
    <subfield code="I">INV2023</subfield>
  </datafield>
  <datafield tag="999" ind1=" " ind2=" ">
    <subfield code="c">67109</subfield>
    <subfield code="d">67109</subfield>
  </datafield>
</record>
